Famous Founders in the U.S. - Statistics

General Stats
  • This quiz has been taken 34,596 times
    8,485 since last reset
  • The average score is 12 of 21
Answer Stats
Organization Founder(s) % Correct
Microsoft Bill Gates / Paul Allen
96%
Facebook (*) Mark Zuckerberg
96%
Apple, Inc. Steve Jobs / Steve Wozniak / Ronald Wayne
89%
SpaceX Elon Musk
89%
Amazon Jeff Bezos
86%
Kentucky Fried Chicken (*) Harland Sanders
83%
The Church of Jesus Christ of Latter-day Saints Joseph Smith
68%
University of Virginia Thomas Jefferson
61%
Philadelphia William Penn
58%
University of Pennsylvania Ben Franklin
56%
Walmart (*) Sam Walton
51%
Scientology L. Ron Hubbard
46%
World Wrestling Entertainment (*) Vince McMahon
40%
Death Row Records (*) Suge Knight / Dr. Dre
39%
Google Larry Page / Sergey Brin
37%
Texas Stephen F. Austin
34%
Wendy's Dave Thomas
30%
DreamWorks Steven Spielberg / Jeffrey Katzenberg / David Geffen
30%
American Red Cross Clara Barton
24%
March of Dimes (*)
Put your thinking cap on!
Franklin D. Roosevelt
22%
Sierra Club John Muir
16%
No matching quizzes found
Score Distribution
Percent of People with Each Score
Percentile by Number Answered
Your Score History
You have not taken this quiz since the last reset